| 000 | 00809cab a2200253 4500 | ||
|---|---|---|---|
| 001 | WB3402-05 | ||
| 008 | 090401t1998 xxu||||| |||| 00| 0 eng d | ||
| 035 | _a(Sirsi) u83098 | ||
| 041 | _aeng | ||
| 245 | _aProperty to beat shares | ||
| 260 | _c1998 | ||
| 350 | _a0 | ||
| 490 |
_aFinancial Times _v14 January 1998, 34(1) |
||
| 520 | _aCommercial property investments will outperform equities this year, according to DTZ Debenham Thorpe. Announces six months results for the group. | ||
| 650 | _aDEBENHAM TEWSON & CHINNOCKS | ||
| 650 | _aDTZ DEBENHAM THORPE | ||
| 650 | _aFORECASTS | ||
| 650 | _aINVESTMENT MARKET | ||
| 650 |
_aInvestments _96250 |
||
| 650 | _aRESULTS | ||
| 690 | _aPROPERTY-COMMERCIAL PROPERTY-COMMERCIAL PROPERTY FINANCE AND INVESTMENT | ||
| 942 | _n0 | ||
| 948 | _c14/01/1998 | ||
| 999 |
_c52491 _d52491 |
||